Allgemeinwissen #FidA - Statistiken

Allgemein
  • Dieses Quiz wurde 57 mal gespielt
  • Das Durchschnittsergebnis liegt bei 9 aus 15
Antwortstatistiken
Frage Antwort % Korrekt
In welcher dieser Zeilen versteckt sich kein Vokal. öxknfcjnhgwnm
98%
Welches ist das kleinste Land der Welt? Vatikanstadt
96%
Was ist eine der Hauptaufgaben der BARMER Krankenkasse? Bereitstellung von Gesundheits- und Präventionsangeboten
89%
Unter wessen Führung wurde das "Gesetz betreffend der Krankenversicherung der Arbeiter" erlassen. Otto von Bismarck
76%
Welcher dieser Werke ist nicht von Albrecht Dürer?
67%
Welche dieser Persönlichkeiten kommt nicht aus Mecklenburg-Vorpommern?
67%
In welchem Jahr wurde in der BRD ein Wechsel zwischen Sommer und Winterzeit beschlossen? 1980
67%
Welcher dieser Flüsse fließt nicht in die Ostsee? Weser
67%
Aus wieviel Farben besteht der Regenbogen? 7
65%
Welches der folgenden Bilder gehört in die Kategorie "Obst".
63%
Welche Farbe erhalte ich wenn ich alle Strahlen des Regenbogen übereinander lege? Weiß
59%
Was wird im Plattdeutschen durch das Wort Plüschmors betitelt? Hummel
39%
Die Helpter Berge im Landkreis Mecklenburgische Seenplatte, ist die höchste natürliche Erhebung in Mecklenburg-Vorpommern. Wie hoch ist sie? 179
37%
Welches dieser Schlösser steht nicht in Mecklenburg-Vorpommern?
28%
Wer gehört nicht zum Landeskabinett Mecklenburg-Vorpommern? Eva-Maria Kröger
17%
Keine übereinstimmenden Quizze gefunden
Verteilung der Resultate
Anzahl Personen mit jedem Resultat
Perzentil nach korrekt beantworteten Fragen
Ihre Resultats-Entwicklung
Sie haben dieses Quiz noch nicht gespielt